[Event "Politiken Cup 2008"]
[Site "Helsingør DEN"]
[Date "2008.07.22"]
[Round "6.10"]
[White "Kogan, Artur"]
[Black "Vul, Arkadi Eremeevich"]
[Result "1/2-1/2"]
[WhiteElo "2569"]
[BlackElo "2332"]
[PlyCount "89"]
[EventDate "2008.07.20"]
[EventType "swiss"]
[EventRounds "9"]
[EventCountry "DEN"]
[Source "lmi"]
[SourceDate "2008.07.20"]

1. d4 d5 2. c4 e6 3. Nc3 c6 4. Nf3 Nf6 5. Bg5 Nbd7 6. cxd5 exd5 7. e3 Be7 8.
Qc2 Nh5 9. Bxe7 Qxe7 10. O-O-O Nb6 11. Ne5 g6 12. g4 Nf6 13. h3 Be6 14. Kb1 Ne4
15. Rc1 Nxc3+ 16. Qxc3 h5 17. Bd3 Nd7 18. f4 Nxe5 19. dxe5 O-O-O 20. f5 gxf5
21. gxf5 Bd7 22. Qd4 Rde8 23. e6 fxe6 24. f6 e5 25. Qxa7 Qxf6 26. Rhf1 Qe7 27.
Rc3 Kc7 28. Rb3 Rb8 29. Qb6+ Kd6 30. e4 Rhf8 31. Rc1 Qd8 32. Qc5+ Ke6 33. exd5+
cxd5 34. Be2 Rc8 35. Rb6+ Rc6 36. Rxc6+ Bxc6 37. Bxh5 Qd6 38. Bg4+ Ke7 39. Qc2
Qf6 40. Re1 Kd6 41. b4 Qf2 42. Qc5+ Qxc5 43. bxc5+ Kxc5 44. Rxe5 Kd4 45. Re2
1/2-1/2

[Event "Politiken Cup 2008"]
[Site "Helsingør DEN"]
[Date "2008.07.22"]
[Round "6.11"]
[White "Eljanov, Vladimir"]
[Black "Evdokimov, Alexander A"]
[Result "0-1"]
[WhiteElo "2357"]
[BlackElo "2555"]
[PlyCount "80"]
[EventDate "2008.07.20"]
[EventType "swiss"]
[EventRounds "9"]
[EventCountry "DEN"]
[Source "lmi"]
[SourceDate "2008.07.20"]

1. c4 g6 2. g3 Bg7 3. Bg2 c5 4. Nc3 Nc6 5. Nf3 Nh6 6. h4 d6 7. d3 Bg4 8. Bd2
Qd7 9. a3 Rc8 10. b4 b6 11. b5 Na5 12. Rb1 Ng8 13. Nd5 Nf6 14. Ne3 Be6 15. Ng5
d5 16. Bxa5 bxa5 17. Qa4 O-O 18. Nxe6 fxe6 19. Qxa5 Nh5 20. O-O Bd4 21. Nc2
dxc4 22. Nxd4 cxd4 23. dxc4 Rxc4 24. Rfc1 Rfc8 25. Bc6 Rxc1+ 26. Rxc1 Qd6 27.
Kg2 Rc7 28. a4 Nf6 29. Qd2 e5 30. e3 Kg7 31. a5 a6 32. Rc4 axb5 33. Bxb5 Rxc4
34. Bxc4 Qc6+ 35. Kg1 Qxc4 36. exd4 exd4 37. Qe1 Kf7 38. Qa1 d3 39. a6 d2 40.
Kh2 Ng4+ 0-1

[Event "Politiken Cup 2008"]
[Site "Helsingør DEN"]
[Date "2008.07.22"]
[Round "6.13"]
[White "Carstensen, Jacob"]
[Black "Hector, Jonny"]
[Result "0-1"]
[WhiteElo "2309"]
[BlackElo "2537"]
[PlyCount "96"]
[EventDate "2008.07.20"]
[EventType "swiss"]
[EventRounds "9"]
[EventCountry "DEN"]
[Source "lmi"]
[SourceDate "2008.07.20"]
[WhiteTeam "Brønshøj"]
[BlackTeam "Nordkalotten"]

1. d4 d5 2. c4 c6 3. Nf3 Nf6 4. e3 Bf5 5. Nc3 e6 6. Nh4 Be4 7. f3 Bg6 8. Qb3
Qb6 9. Nxg6 hxg6 10. c5 Qc7 11. Bd2 Nbd7 12. g3 Be7 13. Rc1 e5 14. Be2 Nh5 15.
Rg1 f5 16. f4 exd4 17. exd4 Bf6 18. Be3 Nf8 19. Bf3 Ne6 20. Nxd5 cxd5 21. Bxd5
Nxd4 22. Bxd4 Bxd4 23. Qa4+ Kf8 24. Qxd4 Rd8 25. c6 Qe7+ 26. Kf2 bxc6 27. Rge1
Qd6 28. Rxc6 Qxc6 29. Bxc6 Rxd4 30. Re8+ Kf7 31. Rxh8 Rd2+ 32. Ke3 Rxb2 33. Ra8
Rxh2 34. Rxa7+ Ke6 35. a4 Ra2 36. Kd4 Kd6 37. Be8 Ra3 38. Bxg6 Nxg3 39. Kc4 Rf3
40. a5 Rxf4+ 41. Kb5 Ne2 42. Rxg7 Nd4+ 43. Kb6 Ne6 44. a6 Nxg7 45. a7 Rb4+ 46.
Ka5 Rb1 47. Bxf5 Nxf5 48. Ka6 Kc7 0-1

[Event "Politiken Cup 2008"]
[Site "Helsingør DEN"]
[Date "2008.07.22"]
[Round "6.15"]
[White "Moen, Andreas"]
[Black "Ashwin, Jayaram"]
[Result "0-1"]
[WhiteElo "2297"]
[BlackElo "2436"]
[PlyCount "102"]
[EventDate "2008.07.20"]
[EventType "swiss"]
[EventRounds "9"]
[EventCountry "DEN"]
[Source "lmi"]
[SourceDate "2008.07.20"]
[WhiteTeam "OSS"]

1. d4 Nf6 2. Nf3 g6 3. c4 Bg7 4. g3 O-O 5. Bg2 c6 6. O-O d5 7. cxd5 cxd5 8. Nc3
Nc6 9. Ne5 e6 10. f4 Ne8 11. Be3 Nd6 12. Bf2 Ne7 13. g4 b5 14. Qb3 a5 15. Nxb5
Rb8 16. a4 Ba6 17. Qa3 Nxb5 18. axb5 Bxb5 19. Bh4 f6 20. Nd3 Nc6 21. Qc3 Bxd3
22. Qxc6 Rb6 23. Qc5 Bxe2 24. f5 Bxf1 25. Rxf1 Kh8 26. Qxa5 exf5 27. gxf5 Rxb2
28. Qc5 Qd7 29. Bg3 Rb5 30. Qa3 Rc8 31. Qe3 g5 32. Qf3 Qb7 33. Re1 Rb1 34. Qxd5
Rxe1+ 35. Bxe1 Qxd5 36. Bxd5 Rd8 37. Be6 Rxd4 38. Kg2 Rd3 39. Bb4 Bh6 40. h3
Kg7 41. Bc5 Rc3 42. Bb4 Rd3 43. Bc5 g4 44. hxg4 Be3 45. Bb4 Kh6 46. Bc4 Rd4 47.
Bf8+ Kg5 48. Be2 Rf4 49. Bf3 Rc4 50. Be2 Rc2 51. Kf3 Bc5 0-1

[Event "Politiken Cup 2008"]
[Site "Helsingør DEN"]
[Date "2008.07.22"]
[Round "6.17"]
[White "Schandorff, Lars"]
[Black "Matthiesen, Martin"]
[Result "1/2-1/2"]
[WhiteElo "2537"]
[BlackElo "2345"]
[PlyCount "101"]
[EventDate "2008.07.20"]
[EventType "swiss"]
[EventRounds "9"]
[EventCountry "DEN"]
[Source "lmi"]
[SourceDate "2008.07.20"]
[WhiteTeam "Helsinge"]
[BlackTeam "SK68"]

1. d4 Nf6 2. c4 e6 3. Nc3 Bb4 4. Qc2 c5 5. dxc5 O-O 6. a3 Bxc5 7. Nf3 b6 8. e3
Bb7 9. Be2 Be7 10. b3 d6 11. Bb2 Nbd7 12. O-O a6 13. Rfd1 Qc7 14. Rac1 Rac8 15.
Qb1 Qb8 16. Ng5 h6 17. Nge4 Rfd8 18. b4 Ne8 19. Nd2 Nef6 20. Nde4 Ne8 21. f3
Nef6 22. Kh1 Re8 23. Nxf6+ Nxf6 24. Bd3 Red8 25. Ba1 Bf8 26. Ne2 d5 27. Bxf6
gxf6 28. cxd5 Rxc1 29. Rxc1 Rxd5 30. Bh7+ Kh8 31. Be4 Rd2 32. Bxb7 Rxe2 33. Qd3
Ra2 34. Bxa6 Qd6 35. Qc3 Qe5 36. Bf1 Qxc3 37. Rxc3 f5 38. Kg1 Bg7 39. Rd3 Kg8
40. f4 Kf8 41. h3 Ke7 42. Kh2 Rc2 43. Kg3 Bf6 44. Kf3 Bb2 45. Rb3 Bc1 46. Bb5
Ra2 47. Rc3 Bd2 48. Rb3 Bc1 49. a4 Bd2 50. g4 Be1 51. Be2 1/2-1/2

[Event "Politiken Cup 2008"]
[Site "Helsingør DEN"]
[Date "2008.07.22"]
[Round "6.18"]
[White "Jacobsen, Bo"]
[Black "Hillarp Persson, Tiger"]
[Result "0-1"]
[WhiteElo "2323"]
[BlackElo "2526"]
[PlyCount "96"]
[EventDate "2008.07.20"]
[EventType "swiss"]
[EventRounds "9"]
[EventCountry "DEN"]
[Source "lmi"]
[SourceDate "2008.07.20"]
[WhiteTeam "AArhus/Skolerne"]
[BlackTeam "Brønshøj"]

1. c4 e5 2. g3 c6 3. Nc3 d5 4. cxd5 cxd5 5. d4 exd4 6. Qxd4 Be6 7. Nf3 Nc6 8.
Qa4 d4 9. Ne4 Bd5 10. Ned2 Nf6 11. Bg2 Bc5 12. O-O a6 13. a3 O-O 14. b4 b5 15.
Qc2 Bb6 16. Bb2 Re8 17. Nb3 Rc8 18. Nc5 Bc4 19. Rfe1 Bxc5 20. bxc5 Rxe2 21. Nd2
h6 22. Bf3 Rxe1+ 23. Rxe1 Bd5 24. Qf5 Rc7 25. Bxd5 Nxd5 26. Nf3 Nf6 27. Rd1 Rd7
28. Ne5 Nxe5 29. Qxe5 Rd5 30. Rxd4 Rxd4 31. Bxd4 Qd7 32. h4 Qc6 33. Qb8+ Ne8
34. Qd8 f6 35. Be3 Kf7 36. h5 Ke6 37. Qd2 Nc7 38. Qd8 Qd7 39. Qg8+ Kf5 40. c6
Qd1+ 41. Kh2 Qxh5+ 42. Kg2 Qe8 43. Qxg7 Qxc6+ 44. Kh2 Nd5 45. Bxh6 Ke5 46. Qg4
Qc4 47. f4+ Ke4 48. f5+ Ke5 0-1

[Event "Politiken Cup 2008"]
[Site "Helsingør DEN"]
[Date "2008.07.22"]
[Round "6.19"]
[White "Cmilyte, Viktorija"]
[Black "Malmdin, Nils-Ake"]
[Result "1-0"]
[WhiteElo "2508"]
[BlackElo "2274"]
[PlyCount "121"]
[EventDate "2008.07.20"]
[EventType "swiss"]
[EventRounds "9"]
[EventCountry "DEN"]
[Source "lmi"]
[SourceDate "2008.07.20"]
[BlackTeam "Sundsvall"]

1. d4 g6 2. c4 Bg7 3. Nf3 d6 4. g3 c5 5. Bg2 Nc6 6. d5 Na5 7. O-O Bd7 8. Qc2
Nf6 9. e4 O-O 10. e5 Bf5 11. Qe2 dxe5 12. Nxe5 Ne8 13. b3 f6 14. Nd3 Bxd3 15.
Qxd3 f5 16. Nc3 e5 17. Bb2 Nd6 18. f3 a6 19. Kh1 Rc8 20. Qe2 Re8 21. Rae1 b6
22. Rf2 Nab7 23. a4 Nf7 24. Qc2 Nbd6 25. Rfe2 Qd7 26. Nd1 b5 27. Nf2 Re7 28.
Ba3 Qa7 29. Nd3 b4 30. Bb2 Rce8 31. Qc1 Nb7 32. Qa1 Na5 33. Qd1 Qc7 34. g4 fxg4
35. fxg4 Nb7 36. Nf2 Nfd6 37. Qd2 Na5 38. Qd3 Qd7 39. Qg3 Qc7 40. h3 Nab7 41.
Be4 Nd8 42. Bc2 N8f7 43. Kg2 Bh6 44. h4 Bf4 45. Qf3 Nh6 46. Qh3 Qc8 47. g5 Nhf5
48. Ng4 Nd4 49. Nf6+ Kf8 50. Bxd4 Qxh3+ 51. Kxh3 cxd4 52. Nxe8 Rxe8 53. c5 Nb7
54. c6 Nd6 55. Bd3 a5 56. Rf1 Kg7 57. Rxf4 exf4 58. Rxe8 Nxe8 59. Kg4 Kf7 60.
Kxf4 Ke7 61. Ke5 1-0

[Event "Politiken Cup 2008"]
[Site "Helsingør DEN"]
[Date "2008.07.22"]
[Round "6.20"]
[White "Brunello, Sabino"]
[Black "Angskog, Kent"]
[Result "1-0"]
[WhiteElo "2482"]
[BlackElo "2247"]
[PlyCount "93"]
[EventDate "2008.07.20"]
[EventType "swiss"]
[EventRounds "9"]
[EventCountry "DEN"]
[Source "lmi"]
[SourceDate "2008.07.20"]
[BlackTeam "Hornsdal SK"]

1. d4 g6 2. c4 Bg7 3. Nf3 d6 4. Nc3 Bg4 5. e3 Nf6 6. Be2 O-O 7. Qb3 b6 8. h3
Bf5 9. g4 Bc8 10. g5 Nfd7 11. h4 Nc6 12. h5 e5 13. hxg6 hxg6 14. Qd1 exd4 15.
exd4 a6 16. Be3 b5 17. cxb5 axb5 18. Bxb5 Nb4 19. Rh4 c6 20. a3 cxb5 21. axb4
Rxa1 22. Qxa1 Bb7 23. Nd2 Re8 24. Kd1 Rxe3 25. fxe3 Qxg5 26. Rf4 Bxd4 27. Qa2
Ne5 28. Rxd4 Qxe3 29. Rxd6 Nd3 30. Rxd3 Qxd3 31. Qa7 Bf3+ 32. Kc1 Bg4 33. Qb8+
Kg7 34. Qxb5 Qe3 35. Qd5 Be6 36. Qf3 Qg1+ 37. Kc2 g5 38. Nce4 g4 39. Qf6+ Kg8
40. Qd8+ Kg7 41. b5 Qa7 42. Qg5+ Kf8 43. Nc5 Qc7 44. Nde4 Qh2+ 45. Kc3 Qh8+ 46.
Qf6 Qxf6+ 47. Nxf6 1-0

[Event "Politiken Cup 2008"]
[Site "Helsingør DEN"]
[Date "2008.07.22"]
[Round "6.21"]
[White "Socko, Monika"]
[Black "Hess, Christian"]
[Result "1/2-1/2"]
[WhiteElo "2473"]
[BlackElo "2235"]
[PlyCount "65"]
[EventDate "2008.07.20"]
[EventType "swiss"]
[EventRounds "9"]
[EventCountry "DEN"]
[Source "lmi"]
[SourceDate "2008.07.20"]
[BlackTeam "Königspringer Hamburg"]

1. e4 c6 2. d4 d5 3. exd5 cxd5 4. c4 Nf6 5. Nc3 e6 6. Nf3 Bb4 7. Bd2 dxc4 8.
Bxc4 Nc6 9. O-O O-O 10. Bg5 Be7 11. Re1 a6 12. Rc1 b5 13. Bd3 Nb4 14. Bb1 Bb7
15. a3 Nbd5 16. Qd3 g6 17. Bh6 Re8 18. Ne5 Nxc3 19. Rxc3 Rc8 20. Ba2 Rxc3 21.
Qxc3 Bd5 22. Bxd5 Nxd5 23. Qf3 Bf6 24. h3 Qe7 25. Qe4 Bg7 26. Bxg7 Kxg7 27. Nd3
Qg5 28. Nc5 Nc7 29. b4 Rb8 30. Qd3 h5 31. Rd1 h4 32. Qb3 Rd8 33. Qf3 1/2-1/2

[Event "Politiken Cup 2008"]
[Site "Helsingør DEN"]
[Date "2008.07.22"]
[Round "6.22"]
[White "Aabling-Thomsen, Jakob"]
[Black "Brynell, Stellan"]
[Result "1-0"]
[WhiteElo "2275"]
[BlackElo "2468"]
[PlyCount "87"]
[EventDate "2008.07.20"]
[EventType "swiss"]
[EventRounds "9"]
[EventCountry "DEN"]
[Source "lmi"]
[SourceDate "2008.07.20"]
[WhiteTeam "Brønshøj"]
[BlackTeam "Nordkalotten"]

1. e4 e6 2. d4 d5 3. Nc3 Bb4 4. e5 c5 5. a3 Ba5 6. b4 cxd4 7. Qg4 Ne7 8. bxa5
dxc3 9. Qxg7 Rg8 10. Qxh7 Nbc6 11. Nf3 Qc7 12. Bf4 Bd7 13. a6 b6 14. Bd3 O-O-O
15. Bg3 Rh8 16. Qxf7 Rdf8 17. Qg7 Rhg8 18. Qh6 Rxf3 19. gxf3 Nd4 20. Qf6 Nef5
21. Kf1 Qc5 22. Bxf5 Nxf5 23. Kg2 Nd4 24. Rad1 Nxc2 25. h4 Rf8 26. h5 Rxf6 27.
exf6 Qf8 28. h6 Qxf6 29. h7 Qh8 30. Be5 Qxe5 31. h8=Q+ Qxh8 32. Rxh8+ Kc7 33.
Ra8 Ba4 34. Rxa7+ Kd6 35. Ra8 Nxa3 36. a7 Bxd1 37. Rd8+ Kc5 38. a8=Q Nc4 39.
Qa1 c2 40. Qc3 b5 41. Rc8+ Kb6 42. f4 Kb7 43. Rc5 Kb6 44. Qb4 1-0

[Event "Politiken Cup 2008"]
[Site "Helsingør DEN"]
[Date "2008.07.22"]
[Round "6.23"]
[White "Delemarre, Jop"]
[Black "Hanssen, Gunnar Berg"]
[Result "1/2-1/2"]
[WhiteElo "2467"]
[BlackElo "2232"]
[PlyCount "25"]
[EventDate "2008.07.20"]
[EventType "swiss"]
[EventRounds "9"]
[EventCountry "DEN"]
[Source "lmi"]
[SourceDate "2008.07.20"]
[BlackTeam "Tromsø"]

1. d4 Nf6 2. c4 c5 3. d5 b5 4. cxb5 a6 5. bxa6 g6 6. g3 d6 7. Nc3 Bxa6 8. Bg2
Bg7 9. Nf3 Nbd7 10. Rb1 Qa5 11. O-O O-O 12. Qc2 Rfb8 13. Bd2 1/2-1/2

[Event "Politiken Cup 2008"]
[Site "Helsingør DEN"]
[Date "2008.07.22"]
[Round "6.24"]
[White "Roelvaag, Mikael"]
[Black "Antonsen, Mikkel"]
[Result "0-1"]
[WhiteElo "2214"]
[BlackElo "2455"]
[PlyCount "70"]
[EventDate "2008.07.20"]
[EventType "swiss"]
[EventRounds "9"]
[EventCountry "DEN"]
[Source "lmi"]
[SourceDate "2008.07.20"]
[WhiteTeam "Narvik"]
[BlackTeam "Næstved"]

1. d4 Nf6 2. c4 g6 3. Nc3 d5 4. Nf3 Bg7 5. Bg5 Ne4 6. cxd5 Nxg5 7. Nxg5 e6 8.
Nf3 exd5 9. b4 O-O 10. e3 c6 11. Bd3 a5 12. a3 Qd6 13. Rb1 Bg4 14. O-O axb4 15.
axb4 Nd7 16. h3 Bxf3 17. Qxf3 b5 18. Rb3 Nb6 19. Rd1 f5 20. g3 Nc4 21. h4 Bh6
22. Kg2 Rfe8 23. Bxc4 bxc4 24. Rbb1 Ra3 25. Rdc1 Rb8 26. b5 Rxc3 27. Rxc3 cxb5
28. h5 b4 29. Rcc1 b3 30. hxg6 hxg6 31. g4 Qe6 32. Qh3 Qe4+ 33. Kh2 Bf8 34.
gxf5 Qxf5 35. Qg3 Rb7 0-1

[Event "Politiken Cup 2008"]
[Site "Helsingør DEN"]
[Date "2008.07.22"]
[Round "6.25"]
[White "Kurmann, Oliver"]
[Black "Carlstedt, Jonathan"]
[Result "1-0"]
[WhiteElo "2394"]
[BlackElo "2203"]
[PlyCount "83"]
[EventDate "2008.07.20"]
[EventType "swiss"]
[EventRounds "9"]
[EventCountry "DEN"]
[Source "lmi"]
[SourceDate "2008.07.20"]
[WhiteTeam "SK Luzern"]
[BlackTeam "SK Marmsdorf"]

1. e4 c5 2. Nf3 d6 3. c3 Nf6 4. h3 Qc7 5. Bd3 Nc6 6. Bc2 d5 7. exd5 Nxd5 8. d4
cxd4 9. O-O Nf4 10. Bxf4 Qxf4 11. cxd4 e6 12. Nc3 Bd6 13. d5 Ne5 14. Nxe5 Qxe5
15. Ba4+ Kf8 16. f4 Qe3+ 17. Kh1 Qb6 18. Ne4 exd5 19. Qxd5 Be7 20. f5 Qd8 21.
Qc4 Bd7 22. Bb3 Be8 23. f6 gxf6 24. Ng3 Rg8 25. Nf5 Rc8 26. Qh4 Qd2 27. Bd5 Bc6
28. Qe4 Qb4 29. Bxc6 Rxc6 30. Qe3 Rc2 31. Qh6+ Ke8 32. Ng7+ Kf8 33. Nh5+ Ke8
34. Ng7+ Kf8 35. Nh5+ Ke8 36. Nxf6+ Bxf6 37. Qxf6 Rgxg2 38. Rae1+ Rge2 39.
Qxf7+ Kd8 40. Qd5+ Kc7 41. Rf7+ Kb6 42. Rxe2 1-0

[Event "Politiken Cup 2008"]
[Site "Helsingør DEN"]
[Date "2008.07.22"]
[Round "6.29"]
[White "Johansson, Alexander"]
[Black "Hedman, Erik"]
[Result "1/2-1/2"]
[WhiteElo "2060"]
[BlackElo "2363"]
[PlyCount "87"]
[EventDate "2008.07.20"]
[EventType "swiss"]
[EventRounds "9"]
[EventCountry "DEN"]
[Source "lmi"]
[SourceDate "2008.07.20"]
[WhiteTeam "Lund ASK"]
[BlackTeam "SK Rokaden"]

1. d4 Nf6 2. c4 e6 3. Nf3 c5 4. d5 d6 5. Nc3 exd5 6. cxd5 g6 7. h3 a6 8. a4 Qe7
9. Bg5 Bg7 10. e4 h6 11. Bxf6 Bxf6 12. Bd3 Nd7 13. O-O Rb8 14. Qd2 g5 15. Rae1
Ne5 16. Nxe5 Bxe5 17. Ne2 Rg8 18. b4 b5 19. axb5 axb5 20. Rb1 Bd7 21. f3 Qf6
22. Qa2 Ke7 23. Qa3 Rgc8 24. Kh1 Ra8 25. Qc1 Ra2 26. bxc5 dxc5 27. f4 gxf4 28.
Nxf4 Qg5 29. d6+ Kf8 30. Be2 Bxf4 31. Rxf4 Rxe2 32. Qf1 Be6 33. Rxb5 Re1 34.
Rxf7+ Bxf7 35. Qxe1 Qe5 36. d7 Rd8 37. Qd2 Ke7 38. Qxh6 Rxd7 39. Qh4+ Kd6 40.
Qh6+ Be6 41. Qf8+ Kc6 42. Rb1 c4 43. Qa8+ Kd6 44. Qf8+ 1/2-1/2

[Event "Politiken Cup 2008"]
[Site "Helsingør DEN"]
[Date "2008.07.22"]
[Round "6.30"]
[White "Hansen, Torbjorn Ringdal"]
[Black "Storgaard, Morten"]
[Result "1-0"]
[WhiteElo "2423"]
[BlackElo "2081"]
[PlyCount "35"]
[EventDate "2008.07.20"]
[EventType "swiss"]
[EventRounds "9"]
[EventCountry "DEN"]
[Source "lmi"]
[SourceDate "2008.07.20"]
[WhiteTeam "SK 1911"]
[BlackTeam "Herning"]

1. e4 e6 2. d4 d5 3. Nd2 dxe4 4. Nxe4 Nf6 5. Nxf6+ Qxf6 6. Nf3 h6 7. Bd3 Nd7 8.
Qe2 Nb6 9. Ne5 a6 10. O-O Bd7 11. c4 c5 12. Be3 Rc8 13. f4 cxd4 14. Bxd4 Na4
15. Qe3 Bc5 16. b3 Bxd4 17. Qxd4 Nc5 18. b4 1-0

[Event "Politiken Cup 2008"]
[Site "Helsingør DEN"]
[Date "2008.07.22"]
[Round "6.31"]
[White "Nielsen, Jan Mose"]
[Black "Engqvist, Thomas"]
[Result "0-1"]
[WhiteElo "2155"]
[BlackElo "2363"]
[PlyCount "116"]
[EventDate "2008.07.20"]
[EventType "swiss"]
[EventRounds "9"]
[EventCountry "DEN"]
[Source "lmi"]
[SourceDate "2008.07.20"]
[WhiteTeam "Taastrup"]
[BlackTeam "Rockaden"]

1. e4 c6 2. d4 d5 3. e5 Bf5 4. Bd3 Bxd3 5. Qxd3 e6 6. f4 Qa5+ 7. Nd2 Qa6 8. Qf3
c5 9. Ne2 Nc6 10. c3 cxd4 11. Nxd4 Nxd4 12. cxd4 Ne7 13. Qe2 Qxe2+ 14. Kxe2 Rc8
15. Kd3 Nc6 16. a3 h5 17. Nb3 a5 18. Bd2 b6 19. Nc1 Kd7 20. h4 Ne7 21. Ne2 Nf5
22. g3 Rh6 23. Rhc1 Rg6 24. Rxc8 Kxc8 25. Rc1+ Kb7 26. Be1 Be7 27. Rc2 Rg4 28.
Bf2 f6 29. exf6 gxf6 30. Be1 a4 31. Bf2 Bd6 32. Rd2 Bb8 33. Kc2 Kc6 34. Rd3 b5
35. Rf3 Ba7 36. Kd3 Bb6 37. Be1 Nd6 38. Bb4 Nc4 39. Kc2 Kd7 40. b3 axb3+ 41.
Kxb3 Rg8 42. Rd3 Kc6 43. Be7 Ra8 44. Ka2 Bd8 45. Bb4 Ra7 46. Bc5 Rf7 47. Bb4
Be7 48. Rb3 Bxb4 49. Rxb4 Ra7 50. Rb3 b4 51. Nc1 Kd6 52. Nd3 Rxa3+ 53. Rxa3
bxa3 54. Nf2 Ke7 55. Kb3 Kf7 56. f5 e5 57. dxe5 fxe5 58. g4 Kf6 0-1

[Event "Politiken Cup 2008"]
[Site "Helsingør DEN"]
[Date "2008.07.22"]
[Round "6.33"]
[White "Schnabel, Andreas"]
[Black "Humphrey, Jonathan"]
[Result "0-1"]
[WhiteElo "2153"]
[BlackElo "2289"]
[PlyCount "81"]
[EventDate "2008.07.20"]
[EventType "swiss"]
[EventRounds "9"]
[EventCountry "DEN"]
[Source "lmi"]
[SourceDate "2008.07.20"]
[WhiteTeam "SC Grunbach"]

1. d4 Nf6 2. c4 e6 3. Nf3 c5 4. d5 exd5 5. cxd5 d6 6. Nc3 g6 7. e4 Bg7 8. h3
O-O 9. Bd3 Nh5 10. O-O Nd7 11. a4 Qe7 12. Qc2 a6 13. a5 Ne5 14. Nxe5 Bxe5 15.
Ne2 Re8 16. f4 Bg7 17. g4 Nf6 18. Ng3 Bd7 19. g5 c4 20. Qxc4 Bb5 21. gxf6 Bxc4
22. fxe7 Bxd3 23. Rf3 Bd4+ 24. Be3 Bxb2 25. Ra2 Bf6 26. Bc5 Bb1 27. Rd2 dxc5
28. d6 Bxe7 29. dxe7 Rxe7 30. Rb3 Bxe4 31. Nxe4 Rxe4 32. Rxb7 Rxf4 33. Rc7 Rf5
34. Ra2 Re8 35. Kg2 Kg7 36. Rc6 Re6 37. Rc7 Rg5+ 38. Kf2 Rf6+ 39. Ke3 Rg3+ 40.
Ke4 Rxh3 41. Rxc5 0-1

[Event "Politiken Cup 2008"]
[Site "Helsingør DEN"]
[Date "2008.07.22"]
[Round "6.34"]
[White "Sylvan, Jacob"]
[Black "Ofstad, Per"]
[Result "1/2-1/2"]
[WhiteElo "2250"]
[BlackElo "2141"]
[PlyCount "51"]
[EventDate "2008.07.20"]
[EventType "swiss"]
[EventRounds "9"]
[EventCountry "DEN"]
[Source "lmi"]
[SourceDate "2008.07.20"]
[WhiteTeam "Odysseus"]
[BlackTeam "Fredrikstad"]

1. e4 e5 2. Nf3 Nc6 3. Bb5 a6 4. Ba4 Nf6 5. O-O b5 6. Bb3 Nxe4 7. d4 d5 8. dxe5
Be6 9. c3 Bc5 10. Nbd2 O-O 11. Qe2 Nxd2 12. Bxd2 Qd7 13. Rad1 Ne7 14. h3 c6 15.
Be3 Ba7 16. Kh2 Qc7 17. Bf4 Rae8 18. Kg1 Ng6 19. Bg3 Qc8 20. Rc1 Bb8 21. Ng5
Bf5 22. f4 f6 23. Nf3 fxe5 24. Nxe5 Nxe5 25. fxe5 Qe6 26. Rf3 1/2-1/2

[Event "Politiken Cup 2008"]
[Site "Helsingør DEN"]
[Date "2008.07.22"]
[Round "6.35"]
[White "Christensen, Bo Garner"]
[Black "Rasmussen, Uffe"]
[Result "1-0"]
[WhiteElo "2247"]
[BlackElo "2123"]
[PlyCount "45"]
[EventDate "2008.07.20"]
[EventType "swiss"]
[EventRounds "9"]
[EventCountry "DEN"]
[Source "lmi"]
[SourceDate "2008.07.20"]
[WhiteTeam "Skovbo"]
[BlackTeam "Odysseus"]

1. e4 e6 2. Nf3 d5 3. e5 c5 4. b4 cxb4 5. a3 Nc6 6. axb4 Bxb4 7. c3 Be7 8. d4
f6 9. Nh4 g6 10. Nf3 fxe5 11. dxe5 Qc7 12. Bb5 Bd7 13. Qe2 Bf8 14. h4 Bg7 15.
Bf4 Nge7 16. Nbd2 O-O-O 17. O-O Kb8 18. Rfb1 Nf5 19. Nb3 Rdf8 20. Nc5 Ka8 21.
Qa2 Bc8 22. Bxc6 bxc6 23. Rb7 1-0

[Event "Politiken Cup 2008"]
[Site "Helsingør DEN"]
[Date "2008.07.22"]
[Round "6.37"]
[White "Olsen, Peter Erik"]
[Black "Dalberg, Preben"]
[Result "1/2-1/2"]
[WhiteElo "2224"]
[BlackElo "2097"]
[PlyCount "29"]
[EventDate "2008.07.20"]
[EventType "swiss"]
[EventRounds "9"]
[EventCountry "DEN"]
[Source "lmi"]
[SourceDate "2008.07.20"]
[WhiteTeam "Seksløberen"]
[BlackTeam "Holbæk"]

1. d4 d5 2. Nf3 Nf6 3. c4 e6 4. Nc3 Be7 5. Bg5 h6 6. Bh4 O-O 7. e3 Ne4 8. Bxe7
Qxe7 9. Rc1 c6 10. Be2 Nd7 11. O-O Nxc3 12. Rxc3 dxc4 13. Bxc4 b6 14. a3 Bb7
15. Qe2 1/2-1/2

[Event "Politiken Cup 2008"]
[Site "Helsingør DEN"]
[Date "2008.07.22"]
[Round "6.38"]
[White "Peschardt, Soren"]
[Black "Plukkel, Sjoerd"]
[Result "1/2-1/2"]
[WhiteElo "2137"]
[BlackElo "2215"]
[PlyCount "148"]
[EventDate "2008.07.20"]
[EventType "swiss"]
[EventRounds "9"]
[EventCountry "DEN"]
[Source "lmi"]
[SourceDate "2008.07.20"]
[WhiteTeam "BMS"]
[BlackTeam "SV De Wijker Toren"]

1. Nf3 d6 2. d4 Bg4 3. e4 Nf6 4. Nc3 Nbd7 5. h3 Bxf3 6. Qxf3 e5 7. d5 Be7 8.
Be2 O-O 9. O-O Ne8 10. Qg3 Kh8 11. Be3 h6 12. Bb5 a6 13. Bxd7 Qxd7 14. Qg4 f5
15. exf5 Rxf5 16. Qb4 c5 17. dxc6 bxc6 18. Qa4 d5 19. Rad1 Qe6 20. Ne2 Nc7 21.
Ng3 Rf7 22. Qg4 Raf8 23. c3 Rf6 24. Bb6 Rg6 25. Qxe6 Nxe6 26. b3 Nf4 27. Rfe1
h5 28. Be3 Nxh3+ 29. gxh3 h4 30. Kg2 hxg3 31. f3 Bh4 32. Bc5 Rf5 33. c4 e4 34.
Rf1 dxc4 35. b4 exf3+ 36. Rxf3 Rxf3 37. Kxf3 Rf6+ 38. Kg4 g5 39. Bd4 Kg7 40.
Rf1 g2 41. Rg1 Bf2 42. Bxf6+ Kxf6 43. Rxg2 Be1 44. a3 c3 45. Kf3 Kf5 46. Rg4
Bd2 47. Rc4 Ke5 48. Ke2 Kd6 49. Kd3 Kc7 50. h4 gxh4 51. Rxh4 Kb6 52. Rh5 Be1
53. Kc2 Kb7 54. a4 Kb6 55. a5+ Kb7 56. Re5 Bh4 57. Re6 Bf2 58. Re7+ Kb8 59.
Kxc3 c5 60. bxc5 Bxc5 61. Rf7 Be3 62. Rf5 Kb7 63. Kd3 Bg1 64. Kc4 Be3 65. Kd5
Bd2 66. Kd6 Bb4+ 67. Kd7 Bd2 68. Rc5 Be3 69. Rc7+ Kb8 70. Kc6 Bf2 71. Rb7+ Ka8
72. Kc7 Be3 73. Rb6 Ka7 74. Rb3 Bf2 1/2-1/2

[Event "Politiken Cup 2008"]
[Site "Helsingør DEN"]
[Date "2008.07.22"]
[Round "6.39"]
[White "Gajic, Mladen"]
[Black "Pavlovskaia, Evgenia"]
[Result "0-1"]
[WhiteElo "2135"]
[BlackElo "2210"]
[PlyCount "112"]
[EventDate "2008.07.20"]
[EventType "swiss"]
[EventRounds "9"]
[EventCountry "DEN"]
[Source "lmi"]
[SourceDate "2008.07.20"]
[WhiteTeam "Lask"]
[BlackTeam "Eslov SK"]

1. e4 c6 2. Nf3 d5 3. exd5 cxd5 4. Ne5 Nc6 5. d4 Nf6 6. Bb5 Bd7 7. Nxd7 Qxd7 8.
c3 a6 9. Bd3 Qe6+ 10. Be3 Ng4 11. Qf3 g6 12. O-O Nxe3 13. fxe3 f5 14. Nd2 Bh6
15. Rae1 O-O 16. c4 Nb4 17. cxd5 Qd6 18. Bc4 b5 19. Bb3 Nd3 20. Re2 Rac8 21. g3
Nxb2 22. Kg2 Nc4 23. Nxc4 bxc4 24. Ba4 Rb8 25. Rc2 Qa3 26. Bd7 Qxe3 27. Qxe3
Bxe3 28. Rxc4 Rb2+ 29. Kf3 f4 30. Rc8 Rxh2 31. gxf4 Rxc8 32. Bxc8 Bxd4 33. a4
a5 34. Rd1 Bc5 35. Rc1 Bd6 36. Be6+ Kg7 37. Rc8 Ra2 38. Rg8+ Kh6 39. Bd7 Ra3+
40. Kg4 Rd3 41. Be6 Rd4 42. Rf8 Rxa4 43. Kf3 Ra3+ 44. Ke2 a4 45. f5 gxf5 46.
Bxf5 Kg7 47. Ra8 h5 48. Bc2 Ra2 49. Kd3 Bg3 50. Rxa4 Rb2 51. Bd1 Bd6 52. Be2
Kf6 53. Ra6 h4 54. Bf3 Rb1 55. Ke3 h3 56. Be4 h2 0-1